000 00900nam a22002657a 4500
001 BR8007779
003 BR-BrBNA
005 20230928090907.0
007 ta
008 230509b bl.||||| |||| 00| 0 por d
040 _aBR-BrBNA
_bpor
_cBiblioteca Nacional de Agricultura
041 _a(Por)
072 _aP06; F01
_b/G514
090 _ P06 BR8007779
110 1 _aComissao Estadual de Planejamento Agricola de Minas Gerais, Belo Horizonte (Brasil)
_92031
245 1 _aPrograma de aumento de producao de culturas energeticas em Minas Gerais - 1980/85
260 3 _aBelo Horizonte, MG (Brasil):
_c1980.
300 _a47 p.
500 _a(*) Documento disponível no(a) Secretaria de Estado da Agricultura, Belo Horizonte, MG (Brazil)
650 _aCULTURA ENERGETICA
650 _aMINAS GERAIS
650 _aMATERIA PRIMA VEGETAL
909 _a202309
_bLucia
_c55
_dLucia Elande
942 _cBK
999 _c31138
_d31138